000 00763nam a2200229Ii 4500
003 JO-AjNU
008 230605s9999||||xx |||||||||||||| ||und||
017 _a1980/3942
020 _a977-7307-96
040 _aJO-AjNU
_bara
_erda
_cJO-AjNU
041 _aara
050 1 4 _aG80.S5278 1980
100 3 _aالشامي، صلاح الدين علي,
_eauthor
_915242
245 0 0 _aالفكر الجغرافي: سيرة ومسيرة
264 3 1 _a الاسكندرية: منشاة المعارف، 1980
300 _a428ص
336 _atext
_btxt
_2rdacontent
337 _aunmediated
_bn
_2rdamedia
338 _avolume
_bnc
_2rdacarrier
490 0 _aالكتب الجغرافية
650 4 _aالجغرافية - فلسفة- الجغرافية بحوث
_915243
999 _aA4258
_c7826
_d7826